| 000 | 00371nam a2200145Ia 4500 | ||
|---|---|---|---|
| 008 | 230312s9999||||xx |||||||||||||| ||und|| | ||
| 020 | _a978-81-317-1332 | ||
| 082 |
_a004.36 _bLIU-D |
||
| 100 | _aLiu,M.L | ||
| 245 | 0 | _aDistributed Computing Principles and Applications | |
| 260 |
_bPearson _aIndia _c2004 |
||
| 300 | _a428 | ||
| 650 |
_aComputer _vComputer |
||
| 942 | _cBK | ||
| 999 |
_c15699 _d15699 |
||